1502 1835 1738 1925 1880 1960 1430 1397 1693 1399 1607 1643 1923 1750 1340 1006 1699 1385 1251 1103 1312 1653 1524 1722 1775 1255 1205 1476 1916 1088 1104 1097 1936 1239 1793 1317 1406 1848 1020 1146 1690 1177 1300 1023 1879 1471 1207 1787 1051 1330 1369 1950 1618 1705 1367 1434 1252 1953 1263 1769 1087 1125 1808 1438 1939 1704 1415 1082 1451 1671 1638 1875 1716 1443 1803 1121 1452 1185 1159 1119 1390 1405 1476 1838 1274 1745 1613 1802 1446 1308 1457 1139 1676 1169 1948 1934 1112 1143 1826 BCNSPRNW ULIB Ver.6.0+V

เปลี่ยนเป็นภาษาไทย

Change to English
 แสดงรายละเอียดบรรณานุกรม
  กลับหน้าหลัก

Brief Record : Get Marc (ISO 2709) : E-mail record : QR code < ปิดหน้าต่าง
LEADER : 00000nam 2200000uu 4500
001    13399109872
003     ULIB
008    110418s2551||||th 000 0 tha d
020    9789741635771
060  4 WD210^bม686ล 2551
110 0  มูลนิธิสาธารณสุขแห่งชาติ
245 10 ลูกอ้วน:พ่อแม่ควรทำอย่างไร /^cสุวิชา สุชีวคุปต์,บรรณาธิการ
260    กรุงเทพฯ :^bมูลนิธิสาธารณสุขแห่งชาติ,^c2551
300    152 หน้า
650  7 ลูกอ้วน
700 0  สุวิชา สุชีวคุปต์,^eบรรณาธิการ
945    ^p120^l0^i025015
995    ทศพร
999 ^a ใช้งานได้ทุกระบบ
รายการนี้ยังไม่มีแท็ก
คุณยังไม่ได้ล็อกอิน คุณสามารถมีกิจกรรมร่วมกับเว็บไซต์ได้ แต่ต้องล็อกอินก่อน ::
  ล็อกอิน

รายการสื่อสารสนเทศ

ลำดับที่ ประเภท เลขเรียก/บาร์โค้ด สถานที่ สถานะ
- ไม่พบข้อมูล -

รายการใกล้เคียง
    หัวเรื่อง [ลูกอ้วน]

BibComment


ยังไม่เคยถูกคอมเมนท์

คอมเมนท์ทรัพยากรรายการนี้
  คอมเมนท์: ลูกอ้วนพ่อแม่ควรท..


 Copyright 2026. Bcnsprnw @Library